000 00218nam a2200097Ia 4500
008 190216s9999||||xx |||||||||||||| ||und||
100 _aNajendra
245 0 _aHindi-Akanki
260 _bHindi Sahithya Sadan
942 _cBK
999 _c17045
_d17045